000 00849cab a2200229 4500
001 WB3514-06
008 090401t1999 xxu||||| |||| 00| 0 eng d
035 _a(Sirsi) u92756
041 _aeng
245 _aFix it with MasterBond
260 _c1999
350 _a0
490 _aBuilding Trade and Industry
_v15(4) April 1999, 4(1)
520 _aLooks at provisions in the Federation of Master Builder`s new MasterBond Scheme, which aims to protect customers` interests should problems occur. It provides builders with extra selling power with potential clients, marking them out from `cowboy builders`.
650 _aCOWBOY BUILDERS
650 _aFEDERATION OF MASTER BUILDERS
650 _aInsurance
_96249
650 _aMASTERBOND WARRANTY SCHEME
690 _aBUILDING AND CONSTRUCTION-CONTROL
942 _n0
948 _c15/04/1999
999 _c58792
_d58792